The economics of imperialism
保存先:
| 第一著者: | |
|---|---|
| フォーマット: | 図書 |
| 言語: | Undetermined |
| 出版事項: |
London
Penguin Books
1974
|
| 主題: | |
| タグ: |
タグ追加
タグなし, このレコードへの初めてのタグを付けませんか!
|
| Thư viện lưu trữ: | Trung tâm Học liệu Trường Đại học Cần Thơ |
|---|
| LEADER | 00511nam a2200181Ia 4500 | ||
|---|---|---|---|
| 001 | CTU_82243 | ||
| 008 | 210402s9999 xx 000 0 und d | ||
| 082 | |a 338.91 | ||
| 082 | |b B879 | ||
| 100 | |a Brown, Michael Barratt | ||
| 245 | 4 | |a The economics of imperialism | |
| 245 | 0 | |c Michael Barratt Brown | |
| 260 | |a London | ||
| 260 | |b Penguin Books | ||
| 260 | |c 1974 | ||
| 650 | |a Capitalism,Imperialism,Marxian economics | ||
| 904 | |i Trọng Hải | ||
| 980 | |a Trung tâm Học liệu Trường Đại học Cần Thơ | ||